<?xml version="1.0" encoding="UTF-8"?>
<record
    xmlns:xsi="http://www.w3.org/2001/XMLSchema-instance"
    xsi:schemaLocation="http://www.loc.gov/MARC21/slim http://www.loc.gov/standards/marcxml/schema/MARC21slim.xsd"
    xmlns="http://www.loc.gov/MARC21/slim">

  <leader>03414cam a22003495i 4500</leader>
  <datafield tag="999" ind1=" " ind2=" ">
    <subfield code="c">27580</subfield>
    <subfield code="d">27551</subfield>
  </datafield>
  <controlfield tag="001">20693093</controlfield>
  <controlfield tag="003">EG-ScBUE</controlfield>
  <controlfield tag="005">20190905124241.0</controlfield>
  <controlfield tag="008">181001t2018    stka   f b    001 0 eng d</controlfield>
  <datafield tag="020" ind1=" " ind2=" ">
    <subfield code="a">9780748682775 (paperback)</subfield>
  </datafield>
  <datafield tag="035" ind1=" " ind2=" ">
    <subfield code="a">(OCoLC)on1009246669</subfield>
  </datafield>
  <datafield tag="040" ind1=" " ind2=" ">
    <subfield code="a">YDX</subfield>
    <subfield code="b">eng</subfield>
    <subfield code="e">rda</subfield>
    <subfield code="c">YDX</subfield>
    <subfield code="d">BDX</subfield>
    <subfield code="d">NLE</subfield>
    <subfield code="d">YDX</subfield>
    <subfield code="d">OCLCF</subfield>
    <subfield code="d">TXI</subfield>
    <subfield code="d">U3W</subfield>
    <subfield code="d">DLC</subfield>
    <subfield code="d">EG-ScBUE</subfield>
  </datafield>
  <datafield tag="082" ind1="0" ind2="4">
    <subfield code="a">808.042</subfield>
    <subfield code="b">GIB</subfield>
    <subfield code="2">22</subfield>
  </datafield>
  <datafield tag="100" ind1="1" ind2=" ">
    <subfield code="a">Gibbons, Alison,</subfield>
    <subfield code="e">author.</subfield>
  </datafield>
  <datafield tag="245" ind1="1" ind2="0">
    <subfield code="a">Contemporary stylistics :</subfield>
    <subfield code="b">language, cognition, interpretation /</subfield>
    <subfield code="c">Alison Gibbons and Sara Whiteley.</subfield>
  </datafield>
  <datafield tag="264" ind1=" " ind2="1">
    <subfield code="a">Edinburgh :</subfield>
    <subfield code="b">Edinburgh University Press,</subfield>
    <subfield code="c">[2018]</subfield>
  </datafield>
  <datafield tag="264" ind1=" " ind2="4">
    <subfield code="c">c2018</subfield>
  </datafield>
  <datafield tag="300" ind1=" " ind2=" ">
    <subfield code="a">xviii, 378 pages :</subfield>
    <subfield code="b">illustrations ;</subfield>
    <subfield code="c">22 cm.</subfield>
  </datafield>
  <datafield tag="336" ind1=" " ind2=" ">
    <subfield code="a">text</subfield>
    <subfield code="b">txt</subfield>
    <subfield code="2">rdacontent</subfield>
  </datafield>
  <datafield tag="337" ind1=" " ind2=" ">
    <subfield code="a">unmediated</subfield>
    <subfield code="b">n</subfield>
    <subfield code="2">rdamedia</subfield>
  </datafield>
  <datafield tag="338" ind1=" " ind2=" ">
    <subfield code="a">volume</subfield>
    <subfield code="b">nc</subfield>
    <subfield code="2">rdacarrier</subfield>
  </datafield>
  <datafield tag="490" ind1="0" ind2=" ">
    <subfield code="a">Edinburgh textbooks on the English language.</subfield>
    <subfield code="a">Advanced</subfield>
  </datafield>
  <datafield tag="504" ind1=" " ind2=" ">
    <subfield code="a">Includes bibliographical references (pages 329-366) and index.</subfield>
  </datafield>
  <datafield tag="520" ind1=" " ind2=" ">
    <subfield code="a">How do texts create meaning? How do we arrive at our textual interpretations? Why do we become 'lost in a book' or feel deep emotion in response to a literary character? Through close attention to the way texts are written and the language they use, as well as what we know about the human mind, Contemporary Stylistics: Language, Interpretation, Cognition provides readers with the tools to begin answering these questions. In doing so, it introduces the theoretical principles and practical frameworks of stylistics and cognitive poetics, supplying the practical skills to analyse your own responses to literary texts. Including innovative activities for students and with case studies of work by writers like Dylan Thomas, EL James and Kazuo Ishiguro, this is a detailed analysis of contemporary stylistics that offers both historical contextualization of the discipline and points towards its possible future direction. There are stylistic and cognitive poetic analyses through the book. The key case studies include: The Canal - Lee Rourke (2010); 'Zang Tumb Tumb' by Marinetti (1914); 'River in Spate' by Louis MacNeice; Under Milk Wood by Dylan Thomas (1954); 'Space Sonnet &amp; Polyfilla' by Edwin Morgan (1977); 'In Defense of Our Overgrown Garden' by Matthea Harvey (2000); House of Cards; What is the What by Dave Eggers (2006); Ash Wednesday by Ethan Hawke (2002); Fresh Meat; Fifty Shades of Grey by E. L. James (2012); 'Received Pronunciation' by Sally Goldsmith (2012); 'The house is not the same since you left' by Henry Normal (1993); The Lives of Others by Neel Mukherjee (2014); My Name is Lucy Barton by Elizabeth Stroud (2016); How to Get Filthy Rich in Rising Asia by Mohsin Hamid (2013); The Unconsoled by Kazuo Ishiguro (2005); The One Ronnie; The Girl on the Train by Paula Hawkins (2015); 'I Am The Song' by Charles Causley; 'Hypothetical' by Maria Taylor; 'This is the Poem in which I Have Not Left You' by Julia Copus (2012); 13, rue Th&#xFFFD;er&#xFFFD;ese by Elena Mauli Shapiro (2011); Illuminae by Amie Kaufman and Jay Kristoff (2015); Karen by Blast Theory (2015); 'Blood Story' by Melvin Burgess.</subfield>
  </datafield>
  <datafield tag="650" ind1=" " ind2="0">
    <subfield code="a">English language</subfield>
    <subfield code="x">Style.</subfield>
    <subfield code="2">BUEsh</subfield>
    <subfield code="9">39128</subfield>
  </datafield>
  <datafield tag="650" ind1=" " ind2="7">
    <subfield code="a">Language and languages</subfield>
    <subfield code="x">Style.</subfield>
    <subfield code="2">BUEsh</subfield>
    <subfield code="9">40322</subfield>
  </datafield>
  <datafield tag="650" ind1=" " ind2="7">
    <subfield code="a">English literature</subfield>
    <subfield code="x">History and criticism.</subfield>
    <subfield code="2">BUEsh</subfield>
    <subfield code="9">19770</subfield>
  </datafield>
  <datafield tag="653" ind1=" " ind2=" ">
    <subfield code="b">HHUUEENN</subfield>
    <subfield code="c">September2019</subfield>
  </datafield>
  <datafield tag="655" ind1=" " ind2=" ">
    <subfield code="v">Reading book</subfield>
  </datafield>
  <datafield tag="700" ind1="1" ind2=" ">
    <subfield code="a">Whiteley, Sara</subfield>
    <subfield code="c">(Professor),</subfield>
    <subfield code="e">author.</subfield>
  </datafield>
  <datafield tag="942" ind1=" " ind2=" ">
    <subfield code="2">ddc</subfield>
    <subfield code="c">BB</subfield>
  </datafield>
  <datafield tag="952" ind1=" " ind2=" ">
    <subfield code="0">0</subfield>
    <subfield code="1">0</subfield>
    <subfield code="2">ddc</subfield>
    <subfield code="4">0</subfield>
    <subfield code="7">0</subfield>
    <subfield code="8">Baccah</subfield>
    <subfield code="a">MAIN</subfield>
    <subfield code="b">MAIN</subfield>
    <subfield code="c">2ND</subfield>
    <subfield code="d">2019-09-05</subfield>
    <subfield code="e">Purchase</subfield>
    <subfield code="g">825.00</subfield>
    <subfield code="l">0</subfield>
    <subfield code="o">808.042 GIB</subfield>
    <subfield code="p">000048016</subfield>
    <subfield code="r">2025-07-15 00:00:00</subfield>
    <subfield code="v">1031.30</subfield>
    <subfield code="w">2019-09-05</subfield>
    <subfield code="y">BB</subfield>
  </datafield>
</record>
